00782nam a2200181Ia 450000500170000000800410001702000220005805000220008010000270010224501810012926000330031030000160034333700100035933800140036950000220038365000740040570001210047920231102151445.0121028s9999 xx 000 0 und d a978-607-7686-08-8 aTK5105.8 V66 200910aGÓMEZ López, Julio aVoIP y Asterisk : redescubriendo la telefonía c/ coordinadores: Julio Gómez López, Francisco Gil Montoya ; autores de capítulo: Alfredo Alcayde García ... [y otros.] aMéxico b: Alfaomegac2009 a329 paginas atexto asin medio aIncluye contenido aAsterisk (Programa para computadora) Telefonía por internet  aGómez López, Julio, editor Gil Montoya, Francisco, editor Alcayde García, Alfredo, colaborador Ì